000 00593nam a2200229Ia 4500
003 OSt
005 20220928102335.0
006 a|||||r|||| 00| 0
007 ta
008 220927b |||||||| |||| 00| 0 eng d
024 _a93557
037 _cTextual
040 _aSDCL
_cSDCL
_beng
041 _2eng
_aeng
082 _aR211, K7
100 _aWarnock G J Ed.
_9397795
245 0 _aPhilosophy of perception.
260 _aOxford
_bOxford University Press
_c1967
300 _a154p.
_ccm.
942 _hR211, K7
_cTEXL
_2CC
999 _c713607
_d713607